Three Real One Fake - Minecraft - Statistics

General Stats
  • This quiz has been taken 45 times
  • The average score is 12 of 15
Answer Stats
Question Answer % Correct
Mobs Jellyfish
93%
Food (meat) Raw Crab Leg
93%
Wool Colors Maroon
90%
Ores Topaz
90%
Blocks Icy Cracked Stone Bricks
88%
Wood Types Maple
88%
Structures Campsite
85%
Food (fruit) Grape Vine
85%
Potions Saturation
83%
Villager Professions Archeologist
80%
Weapons Spear
80%
Enchantments Precision
78%
Music Discs Max
71%
Biomes Rainforest
66%
Advancements Goody Goodness!
56%
No matching quizzes found
Score Distribution
Percent of People with Each Score
Percentile by Number Answered
Your Score History
You have not taken this quiz